000 00559nam a2200133Ia 4500
008 220216s9999 xx 000 0 und d
100 _aThomas V.
245 0 _aEstimation of wood availability from rubber plantations: Comparison for efficiency of three sampling methods
260 _bIn: Preprints of Papers. International Natural Rubber Conference, India 2005, 6-8 November 2005, Rubber Research Institute of India, Kottayam, Kerala, India, pp. 554-559.
_c2005
650 _aRubber plantation
650 _aRubber wood
700 _aNair R.B.
942 _cBS
999 _c52973
_d52973